00353nam a2200133Ia 450000500170000000800410001702000150005808200150007310000200008824500260010826000370013430000130017150000350018420250521032048.0240331s9999 xx 000 0 und d a9559605305 a302.2bWEE aWeerasuriya , M 0aYachaka sanniwedanaya aNugegodabA Literary Bookc1996 a152 p ., aA Sociological Commentary Book